|
|
|
|
| LEADER |
00000nab a2200000ua 4500 |
| 001 |
vtls010840543 |
| 003 |
SK-MaSNL |
| 005 |
20260303144234.0 |
| 008 |
230222s1980 xo |||||||||||||||||eng| |
| 035 |
|
|
|a (urnnbn)urn:nbn:sk:snk:ar-a06xl1
|
| 035 |
|
|
|a urn:nbn:sk:snk-ab63av
|
| 035 |
|
|
|a (uuid)19036038-781f-43d6-a61f-6b2b6d96ee6a
|
| 040 |
|
|
|a SNKBUCL
|b slo
|c SNKBUCL
|e AACR2
|
| 041 |
0 |
|
|a eng
|
| 044 |
|
|
|a xo
|c SK
|
| 100 |
1 |
|
|a Pucek, Vladimír
|4 aut
|9 293637
|
| 245 |
1 |
0 |
|a Kwon, Hyogmyon: Basic Chinese-Korean Character Dictionary
|c Vladimír Pucek
|
| 773 |
0 |
|
|t Asian and African studies
|g Roč. 16, č. 1 (1980), s. 215-217
|
| 958 |
|
|
|a OND
|
| 958 |
|
|
|a EUIPO
|
| 958 |
|
|
|a article5
|
| 999 |
|
|
|c 1995767
|d 1997697
|